Quiz sulla città di Padova - Statistics

Statistiche generali
  • Questo quiz è stato fatto 280 volte
  • Il punteggio medio è 11 su 20
Statistiche sulle risposte
Descrizione Risposta % Corretto
Regione di Padova Veneto
98%
L'università di Padova è la seconda più vecchia d'Italia dopo quella di ... Bologna
84%
Edificio dov'è stato dipinto un affresco famoso Cappella degli {Scrovegni}
81%
Città maritima che conquistò Padova nel 1405 Venezia
76%
Cocktail rosso fatto con prosecco e con quell'aperitivo Spritz
75%
Santo patrono della città che morì a Padova nel 1231 Antonio di Padova
74%
Seria di colline vulcaniche al sud di Padova Colli {Euganei}
71%
Artista fiorentino che ha dipinto quell'affresco Giotto
68%
Scienziato che ha insegnato all'università dal 1592 al 1610 Galileo
67%
Prato ovale, una delle piazze le piú estese d'Europa Prato della {Valle}
63%
Fiume principale Bacchiglione
46%
Commedia di Shakespeare che si svolge a Padova La {bisbetica} domata
46%
Aperitivo amaro padovano inventato nel 1919 dai Fratelli Barbieri Aperol
44%
Tipo di pasta lunga al grano saraceno, tipica della cucina padovana Bigoli
37%
L'università e stata fondata nell'anno ... 1222
35%
Edificio dedicato agli apostoli Filippo e Giacomo, oggi sede dei musei civici di Padova Chiesa degli {Eremitani}
29%
Scultore fiorentino del "monumento equestro al Gattamelata", uno dei suoi capolavori sulla Piazza del Santo Donatello
29%
Famiglia potente del medioevo, dalla provincia di Padova Este
18%
Autore irlandese della "ducchessa di Padova" Oscar Wilde
7%
L'Accademia Galileiana, fondata a Padova nel 1599, è anche chiamata... Accademia dei {Ricovrati}
3%
Nessun quiz corrispondente trovato
Distribuzione punteggi
Percentuale di utenti per punteggio
Percentile per numero di risposta
I tuoi punteggi nel tempo
Non hai fatto questo quiz